Neurology India

Detalles Bibliográficos
Autor Corporativo: Neurological Society of India
Formato: Electrónico Revista
Lenguaje:inglés
Publicado: [Bombay] : Neurological Society of India
Materias:
Acceso en línea:Full text available from Research Library: 01/01/2004 to present

MARC

LEADER 00000nas a2200000 a 4500
001 ssj0023312
003 WaSeSS
005 20200512172242.0
006 m d
007 cr n
008 030910c19649999ii qr pss 0 a0eng
010 |a  2004252318 
022 |y 0028-3886 
035 |a (WaSeSS)ssj0023312 
040 |a COU  |b eng  |c COU  |d OCLCQ  |d WAU  |d CUS  |d OCL  |d CDS  |d OCLCQ  |d OCLCE  |d OCLCQ  |d OCLCF  |d OCLCO  |d OCLCQ  |d OCLCO  |d OCLCQ  |d LIP  |d XFH  |d WT2  |d OCLCQ  |d OCLCO  |d OCLCA  |d MOW  |d OCLCO  |d OCLCQ  |d WYU  |d OCLCO  |d OCLCA  |d VT2  |d OCLCQ  |d WaSeSS 
042 |a pcc 
050 4 |a RC346  |b .N487 
060 0 0 |a W1  |b NE337D 
130 0 |a Neurology India (Online) 
210 1 0 |a Neurol India  |2 dnlm 
245 1 0 |a Neurology India  |h [electronic resource]. 
260 |a [Bombay] :  |b Neurological Society of India 
310 |a Quarterly 
362 1 |a Print began with vol. 12 in 1964. 
506 |a License restrictions may limit access. 
538 |a Mode of access: World Wide Web. 
588 0 |a Vol. 47, issue 1 (Jan./Mar. 1999); title from table of contents (viewed Mar. 18, 2004). 
588 1 |a Vol. 51, issue 4 (Oct./Dec. 2003) (viewed Mar. 18, 2004). 
650 0 |a Neurology  |v Periodicals. 
650 0 |a Psychiatry  |v Periodicals. 
650 2 |a Neurology. 
650 2 |a Psychiatry. 
650 7 |a Neurology.  |2 fast  |0 (OCoLC)fst01036390 
650 7 |a Psychiatry.  |2 fast  |0 (OCoLC)fst01081152 
655 0 |a Electronic journals. 
710 2 |a Neurological Society of India. 
776 0 8 |i Print version:  |t Neurology, India  |x 0028-3886  |w (DLC)sn 86012845  |w (OCoLC)6401325 
856 4 0 |z Full text available from Research Library: 01/01/2004 to present  |u https://search.proquest.com/publication/28294